Charakterizace genotypů ovsa s využitím elektroforézy aveninů v polyakrylamidovém gelu (A-PAGE) : [metodika] /

Hlavní autor: Polišenská, Ivana
Další autoři: Nedomová, Lenka, 1966-, Cupák, Stanislav
Jazyk: Čeština
Vydáno: Kroměříž : Agrotest fyto :Zemědělský výzkumný ústav, 2010
Témata:
Fyzický popis: 12 s. ; 21 cm
Knihy
Uloženo v:
LEADER 01636nam a2200445 a 4500
001 nkc20102109564
003 CZ PrNK
005 20100715090157.0
007 ta
008 100616s2010 xr e f 000 0 cze
015 |a cnb002109564 
020 |a 978-80-904594-2-7  |q (Agrotest fyto :  |q brož.) 
020 |a 978-80-86888-08-8  |q (Zemědělský výzkumný ústav Kroměříž :  |q brož.) 
035 |a (OCoLC)649803842 
040 |a ABA001  |b cze 
072 7 |a 633  |x Rostlinná výroba  |2 Konspekt  |9 24 
080 |a 633.13  |2 MRF 
080 |a 575.22  |2 MRF 
080 |a 543.545.2  |2 MRF 
080 |a (072)  |2 MRF 
100 1 |a Polišenská, Ivana  |7 xx0020723  |4 aut 
245 1 0 |a Charakterizace genotypů ovsa s využitím elektroforézy aveninů v polyakrylamidovém gelu (A-PAGE) :  |b [metodika] /  |c I. Polišenská, L. Nedomová, S. Cupák 
260 |a Kroměříž :  |b Agrotest fyto :  |b Zemědělský výzkumný ústav,  |c 2010 
300 |a 12 s. ;  |c 21 cm 
504 |a Obsahuje bibliografii 
650 0 7 |a oves  |7 ph123874  |2 czenas 
650 0 7 |a genotyp  |7 ph280229  |2 czenas 
650 0 7 |a elektroforéza  |7 ph119874  |2 czenas 
650 0 9 |a oats  |2 eczenas 
650 0 9 |a genotype  |2 eczenas 
650 0 9 |a electrophoresis  |2 eczenas 
655 7 |a metodické příručky  |7 fd132826  |2 czenas 
655 9 |a methodological manuals  |2 eczenas 
700 1 |a Nedomová, Lenka,  |d 1966-  |7 jx20100616017  |4 aut 
700 1 |a Cupák, Stanislav  |7 jx20100616010  |4 aut 
910 2 |a BOA001  |b 2-1241.835 
990 |a BK 
995 |a 01 
991 |b 201007  |c NOV 
996 6 |b 2610440401  |c 2-1241.835  |l MZK  |r Sklad / do 1 hodiny  |n 3  |p p.v.  |w 001127261  |u 000010  |a 1  |e BOA001  |j MZK50  |s P